Comentarios y casos prácticos sobre el nuevo régimen de Seguridad social
Guardado en:
| Formato: | Desconocido |
|---|---|
| Idioma: | Spanish |
| Publicado: |
Bilbao :
Deusto,
1967
|
| Series: | Servicio de estudios de ediciones Deusto
|
| Materias: | |
| Etiquetas: |
Agregar Etiqueta
Sin Etiquetas, Sea el primero en etiquetar este registro!
|
| LEADER | 00436nac a22001335a 4500 | ||
|---|---|---|---|
| 001 | DER.der002289 | ||
| 005 | 20061018000000.0 | ||
| 008 | 180615s1967####||||||||||||||||||||spa|| | ||
| 245 | 1 | 0 | |a Comentarios y casos prácticos sobre el nuevo régimen de Seguridad social |
| 260 | |a Bilbao : |b Deusto, |c 1967 | ||
| 300 | 0 | |a 295 p. | |
| 440 | 0 | |a Servicio de estudios de ediciones Deusto | |
| 653 | |a SEGURIDAD SOCIAL | ||
| 859 | |a DERECHO |b BIB. DERECHO |h 368.4 |i TES |p 004451 | ||
